| 000 | 00653nam a22001937a 4500 | ||
|---|---|---|---|
| 005 | 20251108172834.0 | ||
| 008 | 250721s1999 xx 000 0 ara d | ||
| 082 | 1 | 4 | _a345.56402/دلي |
| 100 | 1 | _aعبد الباقي، مصطفى | |
| 245 | 1 | 0 | _aدليل أعضاء النيابة العامة في محافظات غزة و الضفة الغربية / |
| 264 | 1 |
_aالقدس : _bجامعة بيرزيت، _c1999. |
|
| 300 | _a201 ص | ||
| 650 | 1 | 7 | _aالقانون الجنائي |
| 650 | 1 | 7 | _aالإجراءات الجنائية |
| 650 | 1 | 7 | _aتاريخ فلسطين |
| 700 | 1 | _aالجعبة، منال | |
| 942 |
_2ddc _cBK |
||
| 999 |
_c89729 _d89729 |
||